| 000 | 01259aaa a2200301 a 4500 | ||
|---|---|---|---|
| 999 |
_c325798 _d325798 |
||
| 003 | BLK | ||
| 005 | 20231125151109.0 | ||
| 008 | 180914b bul||||| |||| 00| 0 bul d | ||
| 020 | _a9789540137285 | ||
| 040 | _aBLK | ||
| 041 |
_aBUL _cBUL |
||
| 080 |
_aЕзиково и говорно възпитание. Начални основи на граматика и правопис. _b372.46 _x(076)(075.2) _z372.46(076)(075.2) |
||
| 100 |
_aТанкова, Румяна Димитрова _eпърви автор _91299 |
||
| 139 |
_aТанкова, Румяна Димитрова _bТ 30 |
||
| 245 |
_aСамостоятелни работи по български език и литература за 3 клас _cРумяна Танкова |
||
| 260 |
_c2018 _9209435 _aСофия _bПросвета _fАлианс принт _g2018 |
||
| 300 |
_a72 с. _bс ил., табл. _c29 см |
||
| 380 | _a3 | ||
| 700 |
_91311 _aПещерска, Ели _eред. |
||
| 700 |
_9390420 _aКойнарев, Васил _eкор. |
||
| 852 | _aЦб ІІ 23233 | ||
| 942 |
_cKNG _2udc _n0 _06 |
||
| 944 |
_aED _c2018-12-19 _k30535 _lХристина Везирева |
||
| 999 | _d325798 | ||
| 999 | _d325798 | ||
| 999 | _d325798 | ||
| 999 | _d324394 | ||